| 000 | 00503nam a22001817a 4500 | ||
|---|---|---|---|
| 005 | 20240125125514.0 | ||
| 008 | 240125b |||||||| |||| 00| 0 eng d | ||
| 020 | _q0250 8265 | ||
| 040 | _cChuka university library | ||
| 050 |
_aQH 301 _bK46 2011 |
||
| 100 |
_aKNAS _913619 |
||
| 245 | _aJournal of Sciences | ||
| 260 |
_aNairobi _bKenya National Academy of Sciences _c2011 |
||
| 300 |
_ap50 _billustrations |
||
| 490 | _3Biology;periodicals | ||
| 650 | _2Bioligical Sciences | ||
| 942 |
_2lcc _cBK _n0 |
||
| 999 |
_c15892 _d15892 |
||